00800nam a2200205 a 4500001001000000003000400010005001700014008004100031040002500072082002200097100002400119245008300143260006100226300002100287650004900308910003700357942001400394952016900408999001700577000033688OSt20210201090116.0110905s1888 dr 000 0 spa d aDO-SdBNPbspacBNPHU 4a513.07bT686a2221 aToro, Emilio95914210aAritmética teórico-práctica con aplicaciones al comercio /cEmilio Toro. aSanto Domingo :bLibrería de García Hermanos,c1888. a120 p. ;c19 cm. 4aAritmética xEstudio y enseñanza 977620 aValidado. Control de calidad MFF 2ddccLBS1 00102ddc51718RVaBNPHUbGRcHDd2011-09-05iLF1l0oBNPHU GR RV 513.07 T686ap33688-10r2020-06-25w2020-06-25yLBS1zInventariado, 2020/MFF/ Validado, 2020/MFF c33179d33179